Lun yu qian jie : [4 juan /
Saved in:
| Main Author: | |
|---|---|
| Other Authors: | |
| Format: | Book |
| Language: | Chinese |
| Published: |
[China] :
Qiang shu tang cang ban,
[Guang xu 3 i.e. 1877]
|
| Subjects: | |
| Tags: |
Add Tag
No Tags, Be the first to tag this record!
|
| LEADER | 00928cam a2200265ui 4500 | ||
|---|---|---|---|
| 001 | 007725716-2 | ||
| 005 | 20024617111505.0 | ||
| 008 | 970311s1877 cc 000 0 chi d | ||
| 035 | 0 | |a ocm36525846 | |
| 040 | |a *CVU* |c *CVU* |d *YNH* |d CStRLIN | ||
| 100 | 1 | |6 880-01 |a Qiao, Songnian. | |
| 245 | 1 | 0 | |6 880-02 |a Lun yu qian jie : |b [4 juan / |c Qiao Songnian zhu] |
| 260 | |6 880-03 |a [China] : |b Qiang shu tang cang ban, |c [Guang xu 3 i.e. 1877] | ||
| 300 | |a 4 v. (double leaves) in case ; |c 26 cm. | ||
| 500 | |a Date from preface. | ||
| 500 | |a Block print. | ||
| 600 | 0 | 0 | |6 880-04 |a Confucius. |t Lun yu. |
| 700 | 0 | 2 | |6 880-05 |a Confucius. |t Lun yu. |f 1878. |
| 880 | 1 | |6 100-01 |a 喬松年. | |
| 880 | 1 | 0 | |6 245-02 |a 論語淺解 : |b [4卷 / |c 喬松年註] |
| 880 | |6 260-03 |a [China] : |b 强恕堂藏版, |c [光緖3 i.e. 1877] | ||
| 880 | 0 | 0 | |6 600-04 |a Confucius. |t 論語. |
| 880 | 0 | 2 | |6 700-05 |a Confucius. |t 論語. |f 1878. |
| 988 | |a 20021111 | ||
| 906 | |0 OCLC | ||


